Clubs vainqueurs de la Ligue des Champions - Mort subite - Statistiques

Statistiques générales
  • Ce quiz a été pris 4 319 fois
    1 204 depuis la dernière actualisation
  • Le résultat moyen est 12 sur 19
Answers on the Grid
Answers color-coded by a green-red scale on the quiz's grid according to % correct below.
Partizan Belgrade
Etoile Rouge de Belgrade
Steaua Bucarest
Panathinaïkos
BATE Borisov
Celtic Glasgow
Rangers
PSG
Olympique de Marseille
AS Saint-Etienne
Real Madrid
FC Barcelone
Nottingham Forest
Feyenoord
Arsenal
Tottenham
Grasshopper Zurich
AS Rome
Juventus
Napoli
Borussia Dortmund
Chelsea
Hambourg SV
Galatasaray
SL Benfica
FC Porto
Sporting Portugal
Ajax Amsterdam
Sparta Prague
Malmö
Shakhtar Donetsk
Zenith Saint Petersbourg
Atletico Madrid
PSV Eindhoven
Inter Milan
AC Milan
 
Statistiques - réponses
Réponse % Correct
FC Barcelone
78%
PSG
78%
AC Milan
77%
Real Madrid
75%
Olympique de Marseille
74%
Inter Milan
73%
Chelsea
72%
Juventus
71%
Ajax Amsterdam
67%
FC Porto
63%
Nottingham Forest
62%
Borussia Dortmund
58%
Etoile Rouge de Belgrade
57%
SL Benfica
57%
Celtic Glasgow
50%
PSV Eindhoven
47%
Feyenoord
41%
Hambourg SV
41%
Steaua Bucarest
40%
Aucun quiz correspondant
Distribution des résultats
% des personnes avec chaque résultat
Percentile par nombre de réponses
Votre historique - résultats
Vous n’avez pas pris ce quiz depuis la dernière actualisation